000 00791nam a2200253 a 4500
001 61903
003 BD-RjUL
005 20211209081021.0
008 170122s2004 enka b 001 0 eng
020 _a0761997466 (paper back)
035 _a(BD-RjUL)62028
040 _aDLC
_cDLC
_dBD-RjUL
_beng
041 _aeng
082 0 0 _a658.45
_223
_bFEC 2004
100 1 _aFernandez, Joseph,
_d1968-
_9184261
245 1 0 _aCorporate communications :
_ba 21st century primer /
_cJoseph Fernandez.
260 _aThousand Oaks, Calif. :
_bResponse Books,
_cc2004.
300 _a282 p. :
_bill. ;
_c22 cm.
504 _aIncludes bibliographical references and index.
650 0 _aBusiness communication.
_9182111
650 0 _aAdvertising.
_9184262
942 _2ddc
_cBK
999 _c61903
_d61903